Statistiques concernant Pays de L'OTAN

Cliquez ici pour prendre le quiz!

Statistiques générales

  • Ce quiz a été pris 48 fois
  • Le résultat moyen est 28 sur 32

Statistiques - réponses

PopulationRéponse% Correct
68 373 433France
100%
47 415 750Espagne
98%
10 330 000Portugal
98%
10 014 873Suède
98%
38 246 108Canada
95%
334 914 895États-Unis
95%
5 541 017Finlande
95%
5 368 000Norvège
95%
66 058 859Royaume Uni
95%
83 915 058Allemagne
93%
58 851 000Italie
93%
5 809 502Danemark
90%
37 747 000Pologne
90%
9 518 198Hongrie
88%
11 748 716Belgique
86%
1 315 819Estonie
86%
6 952 000Bulgarie
83%
3 871 833Croatie
83%
372 520Islande
83%
1 728 213Lettonie
83%
3 052 588Lithuanie
83%
640 064Luxembourg
83%
3 088 385Albanie
81%
16 305 526Pays Bas
81%
5 463 046Slovaquie
81%
19 119 880Roumanie
79%
2 065 895Slovénie
79%
10 578 820Tchéquie
79%
10 641 221Grèce
74%
81 733 299Turquie
71%
2 022 547Macédoine du Nord
69%
619 211Monténégro
69%

Distribution des résultats

Percentile par nombre de réponses

% des personnes avec chaque résultat

Votre développement - résultats

Vous n’avez pas pris ce quiz